000 00304nam a2200145Ia 4500
100 _aSimon/Richard
942 _cBK
654 _acomputer
245 _aCommon Controls & Messages Book 2
260 _bTechmedia
_c1996
082 _a5.133
_bSIM
300 _a958
546 _aENGLISH
999 _c27345
_d27345